000 00448nam a22001577a 4500
003 OSt
005 20211027161449.0
008 211027b |||||||| |||| 00| 0 eng d
020 _a184593010X
040 _cHU
082 _a338.4791
100 _a Ritchie, J. R.
_dBrent; Crouch, Geoffrey I. 1954-
_915874
245 _aThe competitive destination :
_ba sustainable tourism perspective
300 _aXVII272P+7P
_bPC
_c24cm
942 _2ddc
_cBOOKS
_n0
999 _c15340
_d15340